000 00628nam a2200205Ii 4500
003 JO-AjNU
008 230605s9999||||xx |||||||||||||| ||und||
040 _aJO-AjNU
_bara
_erda
_cJO-AjNU
041 _aara
050 1 4 _aBF1099.N53.B33 1957
100 3 _aبدوي، نجيب يوسف,
_eauthor
_915749
245 0 0 _aالكابوس
264 3 1 _aالقاهرة: مكتبة مصر، 1957
300 _a234ص
336 _atext
_btxt
_2rdacontent
337 _aunmediated
_bn
_2rdamedia
338 _avolume
_bnc
_2rdacarrier
490 0 _aالثقافة السيكولوجية
650 4 _aالكابوس- الاحلام
_915750
999 _aA4520
_c8088
_d8088